000 00781nam a22002297a 4500
001 48878
003 BD-RjUL
005 20211209054612.0
008 160817s1982 bg ||||| |||| 00| 0 ben d
020 _c: Tk.20.00
035 _a(BD-RjUL)48997
040 _aBD-RjUL
_bben
_cBD-RjUL
_dBD-RjUL
041 _aben
082 _223
_a891.441
_bISC 1982
100 _aইসলাম, শামসুল
_9147212
245 1 0 _aচিরবিরিঞ্চির তরু /
_cশামসুল ইসলাম
260 _aঢাকা :
_bজাতীয় গ্রন্থ কেন্দ্র,
_c১৯৮২
300 _a৬৪ পৃ. ;
_c২১ সেমি.
650 _aবাংলা কবিতা
_9147198
650 _aBengali poetry
_9147199
942 _2ddc
_cBK
999 _c48878
_d48878